1036 1149 1555 1220 1083 1940 1356 1968 1671 1197 1944 1650 1744 1335 1025 1897 1622 1695 1716 1261 1384 1755 1389 1092 1426 1875 1148 1666 2000 1509 1736 1088 1451 1534 1697 1968 1996 1822 1443 1444 1204 1238 1843 1244 1906 1868 1158 2000 1739 1777 1328 1517 1465 1708 1253 1777 1471 1810 1920 1155 1807 1466 1980 1575 1999 1154 1095 1650 1010 1468 1509 1721 1260 1293 1585 1004 1472 1358 1937 1170 1284 1262 1996 1940 1269 1269 1653 1759 1521 1093 1501 1498 1569 1425 1789 1441 1919 1452 1614 BCNSPRNW ULIB Ver.6.0+V

เปลี่ยนเป็นภาษาไทย

Change to English
 แสดงรายละเอียดบรรณานุกรม
  กลับหน้าหลัก

Brief Record : Get Marc (ISO 2709) : E-mail record : QR code < ปิดหน้าต่าง
LEADER : 00000nam 2200000uu 4500
001    13399126994
003     ULIB
008    190924s2561||||th 000 0 tha d
020    ^a9786164404373
060    ^aWY200^bจ482ก
100    ^aจินตนา วัชรสินธุ์
245    ^aการพยาบาลครอบครัวที่มีสมาชิกเจ็บป่วยเรื้อรัง
250    ^aพิมพ์ครั้งที่ 2
260    ^aชลบุรี :^bชลบุรีการพิมพ์,^c2561
300    ^a139 หน้า ;^c27 ซม.
500    ^a225 บาท
650    ^aการพยาบาลครอบครัว
650    ^aรูปแบบการบำบัดการพยาบาลครอบครัว
650    ^aการเจ็บป่วยเรื้อรัง
945    ^p225^l0^i006133
945    ^p225^l0^i006134
945    ^p225^l0^i006132
945    ^p225^l0^i006129
945    ^p225^l0^i006131
945    ^p225^l0^i006130
999    ^aประนอม เกษจรัล
รายการนี้ยังไม่มีแท็ก
คุณยังไม่ได้ล็อกอิน คุณสามารถมีกิจกรรมร่วมกับเว็บไซต์ได้ แต่ต้องล็อกอินก่อน ::
  ล็อกอิน

รายการสื่อสารสนเทศ

ลำดับที่ ประเภท เลขเรียก/บาร์โค้ด สถานที่ สถานะ
1. Book การพยาบาล
หนังสือสำรอง
สถานะ=หนังสือสำรอง
WY200 จ482ก ฉ.1 
  Barcode: 006129
ห้องสมุดวิทยาเขตสวรรค์ประชารักษ์
►หนังสือทั่วไป
บนชั้น
2. Book การพยาบาล
Book การพยาบาล
WY200 จ482ก ฉ.2 
  Barcode: 006130
ห้องสมุดวิทยาเขตสวรรค์ประชารักษ์
►หนังสือทั่วไป
บนชั้น
3. Book การพยาบาล
Book การพยาบาล
WY200 จ482ก ฉ.3 
  Barcode: 006131
ห้องสมุดวิทยาเขตสวรรค์ประชารักษ์
►หนังสือทั่วไป
บนชั้น
4. Book การพยาบาล
Book การพยาบาล
WY200 จ482ก ฉ.4 
  Barcode: 006132
ห้องสมุดวิทยาเขตสวรรค์ประชารักษ์
►หนังสือทั่วไป
บนชั้น
5. Book การพยาบาล
Book การพยาบาล
WY200 จ482ก ฉ.5 
  Barcode: 006133
ห้องสมุดวิทยาเขตสวรรค์ประชารักษ์
►หนังสือทั่วไป
บนชั้น
6. Book การพยาบาล
Book การพยาบาล
WY200 จ482ก ฉ.6 
  Barcode: 006134
ห้องสมุดวิทยาเขตสวรรค์ประชารักษ์
►หนังสือทั่วไป
บนชั้น

รายการใกล้เคียง
    ชื่อเรื่อง [การพยาบาลครอบครัวที่มีสมาชิกเจ็บป่วยเรื้อรัง]

    ผู้แต่ง [จินตนา วัชรสินธุ์]

    หัวเรื่อง [การพยาบาลครอบครัว]
    หัวเรื่อง [รูปแบบการบำบัดการพยาบาลครอบครัว]
    หัวเรื่อง [การเจ็บป่วยเรื้อรัง]

BibComment


ยังไม่เคยถูกคอมเมนท์

คอมเมนท์ทรัพยากรรายการนี้
  คอมเมนท์: การพยาบาลครอบครั..


 Copyright 2026. Bcnsprnw @Library